000
00264nam a2200109Ia 4500
008
200302s9999 xx 000 0 und d
100
_a
Jack Bowyer
245
_a
The Evolution of Church Building
260
_b
Granada Publishing Ltd.
260
_c
1977
300
_a
139 P.,
999
_c
53
_d
53